000 00913nam a2200253 i 4500
001 187106
003 ES-MaACL
005 20250903024958.0
008 170417s1959 mx d |||| | spa d
100 1 _aCrum, W. L.
_9162390
245 1 0 _aElementos de matemáticas para economistas y estadígrafos /
_cpor W.L. Crum y J.A. Schumpeter ; [traducción de Cristóbal Lara Beautell].
250 _a2ª ed. en español.
260 _aMéxico :
_bFondo de Cultura Económica,
_c1959.
300 _a183 p. :
_bgráf. ;
_c22 cm.
490 1 _aObras de economía
500 _aÍndice.
650 0 7 _aAnálisis matemático
_2embne
_99772
650 7 _aMatemáticas financieras
_2embne
_9151789
700 1 _aSchumpeter, Joseph A.,
_d1883-1950
_9104815
700 1 _aLara Beautell, Cristóbal.
_9140611
830 0 _aObras de economía
_9192739
852 _aES-MaACL
_jL-31428
999 _c187106
_d187106